Szczegóły MARC21

Sen w literaturze średniowiecznej i renesansowej /

003 -Nazwa inst., której nr kontr. jest w polu 001 [,]
    • @
    • Nazwa instytucji, której n kontrolny jest w polu 001
    • NUKAT
005 -DATA I CZAS OSTATNIEJ MODYFIKACJI [,]
    • @
    • pole kontrolne
    • 20241231110801.0
020 -Międzynarod. znormalizowany nr książki - ISBN [ , ]
    • a
    • Numer ISBN
    • 8373950036 Find
040 -Instytucja sporządzająca opis [ , ]
    • a
    • Instytucja, która sporządziła opis (NP)
    • WA M/LS
    • c
    • Instytucja, która sporządziła rekord (NP)
    • WA M/LS
    • d
    • Instytucja, która zmodyfikowała rekord (P)
    • WA M/GM
    • d
    • Instytucja, która zmodyfikowała rekord (P)
    • WA U/JKs
    • d
    • Instytucja, która zmodyfikowała rekord (P)
    • GD PAN/EC
    • d
    • Instytucja, która zmodyfikowała rekord (P)
    • GD PAN/JSs
942 -Rodzaj dokumentu [ , ]
    • c
    • Rodzaj dokumentu
    • Książka
100 -Hasło główne - nazwa osobowa [1, ]
    • a
    • Nazwa osobowa (NP)
    • Zagożdżon-Łyszczarz, Joanna.
    • 9
    • KHW
    • 412955
245 -Strefa tytułu i oznaczenia odpowiedzialności [1,0]
    • a
    • Tytuł
    • Sen w literaturze średniowiecznej i renesansowej / Find
    • c
    • Pozostałe elementy strefy tytułu i oznaczenia odpowiedzialności (NP)
    • Joanna Zagożdżon ; Opolskie Towarzystwo Przyjaciół Nauk.
260 -Strefa adresu wydawniczego [ , ]
    • a
    • Miejsce wydania (P)
    • Opole :
    • b
    • Nazwa wydawcy (P)
    • Wydaw. UO,
    • c
    • Data wydania (P)
    • 2002.
300 -Strefa opisu fizycznego [ , ]
    • a
    • Określenie formy książki i/lub objętość (NP)
    • 327 s. ;
    • c
    • Format (NP)
    • 24 cm.
336 -Typ zawartości [ , ]
    • a
    • Termin opisujący typ zawartości
    • Tekst
    • b
    • Kod określający zawartość
    • txt
    • 2
    • Źródło (terminu i kodu)
    • rdacontent
337 -Typ mediów [ , ]
    • a
    • Tryb odtwarzania
    • Bez urządzenia pośredniczącego
    • b
    • Kod typu mediów
    • n
    • 2
    • Źródło (terminu i kodu)
    • rdamedia
338 -Typ/rodzaj nośnika [ , ]
    • a
    • Hasło opisujące typ nośnika
    • Wolumin
    • b
    • Kod typu nośnika
    • nc
    • 2
    • Źródło (terminu i kodu)
    • rdacarrier
490 -Strefa serii i książki wielotomowej - forma nie do wyszukiwania [1, ]
    • a
    • Tytuł (P)
    • Studia i Monografie / Uniwersytet Opolski, Find
    • x
    • ISSN (NP)
    • 1233-6408 ;
    • v
    • Numeracja (P)
    • nr 320
830 -Hasło dodatkowe serii i opisu książki wielotomowej - tytuł ujednolicony/tytuł [ ,0]
    • a
    • Tytuł ujednolicony/tytuł (NP)
    • Studia i Monografie - Uniwersytet Opolski
    • x
    • ISSN
    • 1233-6408
    • v
    • Oznaczenie tomu (NP)
    • nr 320
    • 9
    • KHW
    • 675
504 -Uwaga dot. bibliogr. załącznikowej [ , ]
    • a
    • Uwaga dot. bibliografii załącznikowej
    • Bibliogr. s. 313-327.
080 -Uniwersalna Klasyfikacja Dziesiętna [ , ]
    • 2
    • Identyfikator wydania tablic
    • UDC-P022
    • a
    • Symbol klasyfikacji
    • 82(091)
    • b
    • Dopowiedzenie
    • Historia literatury.
    • x
    • Poddział wspólny
    • ".../15"
080 -Uniwersalna Klasyfikacja Dziesiętna [ , ]
    • 2
    • Identyfikator wydania tablic
    • UDC-P022
    • a
    • Symbol klasyfikacji
    • 821.162.1(091)
    • b
    • Dopowiedzenie
    • Literatura polska (historia) .
    • x
    • Poddział wspólny
    • "11/15"
650 -Hasło przedmiotowe [ ,7]
    • a
    • Hasło przedmiotowe
    • Sny
    • x
    • Określnik rzeczowy
    • w literaturze.
    • 2
    • Źródło terminu
    • kaba
    • 9
    • KHW
    • 130381
650 -Hasło przedmiotowe [ ,7]
    • a
    • Hasło przedmiotowe
    • Wizje
    • x
    • Określnik rzeczowy
    • w literaturze.
    • 2
    • Źródło terminu
    • kaba
    • 9
    • KHW
    • 386551
650 -Hasło przedmiotowe [ ,7]
    • a
    • Hasło przedmiotowe
    • Interpretacja snów.
    • 2
    • Źródło terminu
    • kaba
    • 9
    • KHW
    • 130380
650 -Hasło przedmiotowe [ ,7]
    • a
    • Hasło przedmiotowe
    • Literatura polska
    • y
    • Określnik chronologiczny
    • przed 1500
    • x
    • Określnik rzeczowy
    • tematy, motywy.
    • 2
    • Źródło terminu
    • kaba
    • 9
    • KHW
    • 413068
650 -Hasło przedmiotowe [ ,7]
    • a
    • Hasło przedmiotowe
    • Literatura polska
    • y
    • Określnik chronologiczny
    • 16 w.
    • x
    • Określnik rzeczowy
    • tematy, motywy.
    • 2
    • Źródło terminu
    • kaba
    • 9
    • KHW
    • 362170
650 -Hasło przedmiotowe [ ,7]
    • a
    • Hasło przedmiotowe
    • Literatura starożytna
    • x
    • Określnik rzeczowy
    • tematy, motywy.
    • 2
    • Źródło terminu
    • kaba
    • 9
    • KHW
    • 367603
650 -Hasło przedmiotowe [ ,7]
    • a
    • Hasło przedmiotowe
    • Literatura średniowieczna
    • x
    • Określnik rzeczowy
    • tematy, motywy.
    • 2
    • Źródło terminu
    • kaba
    • 9
    • KHW
    • 363357
650 -Hasło przedmiotowe [ ,7]
    • a
    • Hasło przedmiotowe
    • Literatura renesansowa
    • x
    • Określnik rzeczowy
    • tematy, motywy.
    • 2
    • Źródło terminu
    • kaba
    • 9
    • KHW
    • 413067
980 -Symbol UKD [ , ]
    • a
    • UKD
    • 82(091)".../15":821.162.1(091)"11/15"
710 -Hasło dodatkowe - nazwa ciała zbiorowego [2, ]
    • a
    • Nazwa ciała zbiorowego lub nazwa geograficzna jako pierwszy element (NP)
    • Uniwersytet Opolski.
    • b
    • Nazwa jednostki podrzędnej (P)
    • Wydawnictwo.
    • 4
    • Kod relacji
    • pbl
    • 9
    • KHW
    • 61272
920 -ISBN [ , ]
    • a
    • ISBN
    • 83-7395-003-6 Find
931 -Powiązanie tyt. z wydaw. ciągłym [ , ]
    • a
    • Powiązanie tytułówki z wydaw. ciągłym
    • PATRZ WYDAWNICTWO CIĄGŁE
    • z
    • Numer rek. powiązanego
    • 197591